LEADER 01051nam a2200241 i 4500 001 000000192234 003 CaOOAMICUS 005 20100914000000.0 008 100914s1969 it u000 u ita u 013 $a170807 040 $aSeMil$bita 245 10$aContro la Chiesa di classe :$bdocumenti della contestazione ecclesiale in Italia /$ca cura di Marco Boato. 260 $aPadova :$bMarsilio,$ccopyr. 1969. 300 $a526 p. ;$c17 cm. 490 0 $aLibri contro ;$vn.8 650 4$aChiesa - Contestazione.$0(OLS)http://semarc/subject/11316 700 1 $aBoato, Marco.$0(OLS)http://semarc/name/70091 830 0$aLibri contro ;$vn.8.$0(OLS)http://semarc/title/8699 850 $aSeMil 852 $aSeMil$W1$xVenegono$y1$m3A I 45$j142810$B142810$CSeMilBibl$Z2$F154974 $81 961 $aOmaggio: Grampa dott. Cesare 996 $6245$aContro la Chiesa di classe :$bdocumenti della contestazione ecclesiale in Italia$9(OLS)http://semarc/title/277018 996 $6260$aPadova :$bMarsilio$9(OLS)http://semarc/publisher/31823 LEADER 01444nam a2200289 i 4500 001 000000124431 003 CaOOAMICUS 005 20040423000000.0 008 040423s1988 it u000 u ita u 013 $a97128 020 $a0051545-2 040 $aSeMil$bita 100 1 $aAmato, Pietro.$0(OLS)http://semarc/name/51609 245 13$aDe vera effigie Mariae :$bantiche icone Romane /$cPietro Amato. 260 $aRoma :$bDe Luca Edizioni d' Arte,$ccopyr. 1988. 260 $aMilano :$bArnoldo Mondadori Editore,$ccopyr. 1988. 300 $a60 p. :$briccamente ill. ;$c30 cm. 500 $aCatalogo della Mostra tenuta a Roma nel 1988. - Nella pagina contro il front.: Pontificia commissione per l'arte sacra in Italia; Ministero per i beni culturali e ambientali; Comitato centrale per l'anno mariano... - Fondo Card. C.M. Martini. 650 4$aMadonna - Iconografia - Esposizioni - 1988.$0(OLS)http://semarc/subject/23982 850 $aSeMil 852 $aSeMil$W1$xVenegono$y1$m5I XII 61$j79015$B79015$CSeMilBibl$Z2$F82218 $81 941 1 $a4 961 $aOmaggio: Martini Card. Carlo Maria 996 $6020$a0051545-2$9(OLS)http://semarc/number/110222 996 $6245$aDe vera effigie Mariae :$bantiche icone Romane$9(OLS)http://semarc/title/183130 996 $6260$aMilano :$bArnoldo Mondadori Editore$9(OLS)http://semarc/publisher/30056 996 $6260$aRoma :$bDe Luca Edizioni d' Arte$9(OLS)http://semarc/publisher/33189